Surrealist painting

Αποθηκεύτηκε σε:
Λεπτομέρειες βιβλιογραφικής εγγραφής
Κύριος συγγραφέας: Wilson , Simon 1942-
Μορφή: Βιβλίο
Γλώσσα:English
Δημοσίευση: London : Phaidon, c1991
Έκδοση:3rd ed.
Σειρά:Phaidon colour library
Θέματα:
Ετικέτες: Προσθήκη ετικέτας
Δεν υπάρχουν, Καταχωρήστε ετικέτα πρώτοι!

MARC

LEADER 00000nam a2200000 i 4500
001 1/36319
008 061025s1991 eng d
020 |a 0-7148-2722-3 
035 |l 10085788 
040 |a GR-MY-UA  |b gre  |e aacr 
041 0 |a eng 
082 0 |a 759.0663  |2 (22) 
100 1 |a Wilson , Simon  |d 1942- 
245 1 0 |a Surrealist painting /  |c Simon Wilson 
250 |a 3rd ed. 
260 |a London :   |b Phaidon,   |c c1991 
300 |a 126 σ.;  |b εικ.;  |c 30 εκ. 
490 1 |a Phaidon colour library 
504 |a Βιβλιογραφία: σ. 26 
650 0 0 |a Surrealism. 
650 0 0 |a Painting, Modern  |y 20th century. 
830 0 |a Phaidon colour library 
852 |a INST  |b SYROS  |e 20061025  |h 759.0663 WIL  |p 005500004587  |q 005500004587  |t BK  |y 0 
901 |a BIBL5-2006-3 
909 |a Ε  |b 129640 
922 |a 5ΕΛΗ  |b 200610  |c ΒΙΒΛΙΟΘΗΚΗ ΣΥΡΟΥ  |d ΜΙΧΑΛΟΠΟΥΛΟΣ 
950 |a 188-2006-09-18 
970 |a ΚΟΝΤΟΥ  |b ΠΑΡΑΣΚΕΥΗ  |z 2006/11/22